Catecismo de la doctrina labriega / (Record no. 88549)

MARC details
000 -LEADER
campo de control de longitud fija 00593nam a2200181 i 4500
001 - NÚMERO DE CONTROL
campo de control 88549
003 - IDENTIFICADOR DE NÚMERO DE CONTROL
campo de control ES-MaACL
005 - FECHA Y HORA DE LA ÚLTIMA TRANSACCIÓN
campo de control 20230906175859.0
007 - CAMPO FIJO DE DESCRIPCIÓN FÍSICA--INFORMACIÓN GENERAL
campo de control de longitud fija t|
008 - DATOS DE LONGITUD FIJA--INFORMACIÓN GENERAL
campo de control de longitud fija 050104s1969 sp ||||1| spa d
100 1# - ENTRADA PRINCIPAL--NOMBRE DE PERSONA
Nombre de persona Lamas Carvajal, Valentín.
9 (RLIN) 69780
245 10 - MENCIÓN DEL TÍTULO
Título Catecismo de la doctrina labriega /
Mención de responsabilidad, etc. por Marcos de Portela (seud.) ; y traducido al castellano por Carlos Martínez y Gabriel Aresti.
260 ## - PUBLICACIÓN, DISTRIBUCIÓN, ETC.
Lugar de publicación, distribución, etc. [Bilbao :
Nombre del editor, distribuidor, etc. s.n.,
Fecha de publicación, distribución, etc. 1969]
300 ## - DESCRIPCIÓN FÍSICA
Extensión 75 p. ;
Dimensiones 19 cm.
700 1# - ENTRADA AGREGADA--NOMBRE PERSONAL
Nombre de persona Martínez, Carlos.
9 (RLIN) 77724
700 1# - ENTRADA AGREGADA--NOMBRE PERSONAL
Nombre de persona Aresti, Gabriel.
9 (RLIN) 22645
852 ## - LOCALIZACIÓN
Ubicación ES-MaACL
Número de control de estantería C-51612
Sublocalización o colección R.69670
Holdings
Estatus retirado Estado de pérdida Estado de daño No para préstamo Biblioteca de origen Biblioteca actual Ubicación en estantería Fecha de adquisición Fuente de adquisición Total de préstamos Signatura topográfica completa Código de barras Visto por última vez Precio de reemplazo Tipo de ítem Koha
        Biblioteca del Ateneo de Madrid Biblioteca del Ateneo de Madrid Depósito 2 17/01/2008     C-51612 1092494 23/02/2023 23/02/2023 Libro impreso